The complete plays of D. H. Lawrence

সংরক্ষণ করুন:
গ্রন্থ-পঞ্জীর বিবরন
প্রধান লেখক: Lawrence, D. H.
বিন্যাস: গ্রন্থ
ভাষা:Undetermined
প্রকাশিত: New York, Estados Unidos Viking 1966
বিষয়গুলি:
ট্যাগগুলো: ট্যাগ যুক্ত করুন
কোনো ট্যাগ নেই, প্রথমজন হিসাবে ট্যাগ করুন!

MARC

LEADER 00000nam a2200000Ia 4500
008 170316s9999 xx 000 0 und d
040 |a cru BVZT 
090 |a 820 L-4c 
100 |a Lawrence, D. H. 
245 4 |a The complete plays of D. H. Lawrence 
260 |a New York, Estados Unidos 
260 |b Viking 
260 |c 1966 
300 |a 558 páginas 
650 |a LITERATURA INGLESA 
999 |c 6981  |d 6981 
942 |c 15 D  |h 820 L-4c  |2 z